| 000 | 00000nam 2200000zi 4500 |
| 001 | 9.900629 |
| 003 | CaOODSP |
| 005 | 20240910142506 |
| 006 | m o d f |
| 007 | cr ||||||||||| |
| 008 | 210610e20210526oncb o f000 0 fre d |
| 020 | |a9780660391878 |
| 040 | |aCaOODSP|bfre|erda|cCaOODSP |
| 043 | |an-cn--- |
| 086 | 1 |aT29-163/2021F-PDF |
| 245 | 00|aListe des zones désignées de renouvellement d'eau de ballast et d'eaux douces au Canada. |
| 250 | |aÉdition 10. |
| 264 | 1|a[Ottawa] : |bTransports Canada = Transport Canada, |c26 mai 2021. |
| 264 | 4|c©2021 |
| 300 | |a1 ressource en ligne (v, 8 pages) : |bcartes en couleur |
| 336 | |atexte|btxt|2rdacontent/fre |
| 337 | |ainformatique|bc|2rdamedia/fre |
| 338 | |aressource en ligne|bcr|2rdacarrier/fre |
| 500 | |aPublié aussi en anglais sous le titre : List of Canada's designated alternate ballast water exchange areas and fresh waters. |
| 500 | |a« Date de publication originale : 1er janvier 2000; date de révision : 27 mai 2022. » |
| 500 | |aÉgalement publié en format HTML. |
| 650 | 6|aDéballastage|xDroit|zCanada. |
| 710 | 1 |aCanada. |bTransports Canada, |eorganisme de publication. |
| 775 | 08|tList of Canada’s designated alternate ballast water exchange areas and fresh waters.|w(CaOODSP)9.900626 |
| 794 | |tListe des zones désignées de renouvellement d'eau de ballast et d'eaux douces au Canada.|b(Édition 11)|w(CaOODSP)9.939531 |
| 795 | |tGuide d'application du règlement sur le contrôle et la gestion de l'eau de ballast du Canada |w(CaOODSP)9.856786 |
| 856 | 40|qPDF|s1.36 Mo|uhttps://publications.gc.ca/collections/collection_2021/tc/T29-163-2021-fra.pdf |
| 856 | 4 |qHTML|sS.O.|uhttps://tc.canada.ca/fr/transport-maritime/securite-maritime/liste-zones-designees-renouvellement-eau-ballast-eaux-douces-canada-tp-13617f-2021 |
| 986 | |aTP 13617F (05/2021) |